NFL Regular Season Stat Leaders 25/26 - Statistics

General Stats
  • This quiz has been taken 73 times
  • The average score is 15 of 21
Answer Stats
Stat Amount Team Player % Correct
Passing Yards 4707 LA Rams Matthew Stafford
100%
Passing TDs 46 LA Rams Matthew Stafford
100%
Receiving Yards 1793 Seattle Seahawks Jaxon Smith-Njigba
99%
Rushing TDs 18 Indianapolis Colts Jonathan Taylor
99%
Rushing Yards 1621 Buffalo Bills James Cook
97%
Receptions 129 LA Rams Puka Nacua
97%
Interceptions 17 Las Vegas Raiders Geno Smith
96%
Receiving TDs 14 LA Rams Davante Adams
93%
Sacks 23 Cleveland Browns Myles Garrett
88%
Completion % (Min 2 starts) 85.7% Green Bay Packers Malik Willis
85%
Passer Rating (Min 2 starts) 145.5 Green Bay Packers Malik Willis
85%
Longest Field Goal 68yds Jacksonville Jaguars Cam Little
74%
Field Goals Made 44 Houston Texans Ka'imi Fairbairn
54%
Interceptions 7 Chicago Bears Kevin Byard III
49%
Forced Fumbles 5 Buffalo Bills Joey Bosa
46%
Fumble Recovery TDs 2 Seattle Seahawks DeMarcus Lawrence
43%
Fumble Recoveries 3 Seattle Seahawks/New Orleans Saints DeMarcus Lawrence/Pete Werner
43%
Total Tackles 183 Miami Dolphins Jordyn Brooks
41%
Solo Tackles 96 Miami Dolphins Jordyn Brooks
41%
Field Goal % (as a starter) 96.6% New York Jets/San Francisco 49ers Nick Folk/Eddy Pineiro
40%
Interception TDs 2 Cleveland Browns Devin Bush
19%
No matching quizzes found
Score Distribution
Percent of People with Each Score
Percentile by Number Answered
Your Score History
You have not taken this quiz